Libro-homenaje al Profesor Dr. Manuel Vallecillo Avila / (Record no. 92242)

MARC details
000 -LEADER
campo de control de longitud fija 00651nam a2200181 i 4500
001 - NÚMERO DE CONTROL
campo de control 92242
003 - IDENTIFICADOR DE NÚMERO DE CONTROL
campo de control ES-MaACL
005 - FECHA Y HORA DE LA ÚLTIMA TRANSACCIÓN
campo de control 20230906180927.0
007 - CAMPO FIJO DE DESCRIPCIÓN FÍSICA--INFORMACIÓN GENERAL
campo de control de longitud fija t|
008 - DATOS DE LONGITUD FIJA--INFORMACIÓN GENERAL
campo de control de longitud fija 050223s1985 sp ||||1| spa d
245 00 - MENCIÓN DEL TÍTULO
Título Libro-homenaje al Profesor Dr. Manuel Vallecillo Avila /
Mención de responsabilidad, etc. Coordina Manuel Capel Margarito.
260 ## - PUBLICACIÓN, DISTRIBUCIÓN, ETC.
Lugar de publicación, distribución, etc. Granada :
Nombre del editor, distribuidor, etc. Universidad. Escuela Universitaria de Formación del Profesorado de E.G.B.,
Fecha de publicación, distribución, etc. 1985.
300 ## - DESCRIPCIÓN FÍSICA
Extensión 440 p. :
Otras características físicas 53 lám, il. ;
Dimensiones 25 cm.
700 1# - ENTRADA AGREGADA--NOMBRE PERSONAL
Nombre de persona Vallecillo Avila, Manuel.
9 (RLIN) 112824
700 1# - ENTRADA AGREGADA--NOMBRE PERSONAL
Nombre de persona Capel Margarito, Manuel.
9 (RLIN) 34813
710 2# - ENTRADA AGREGADA--NOMBRE DE ENTIDAD CORPORATIVA
Nombre de entidad corporativa o nombre de jurisdicción como elemento de entrada Universidad de Granada.
9 (RLIN) 7176
852 ## - LOCALIZACIÓN
Ubicación ES-MaACL
Número de control de estantería L-10569
Sublocalización o colección R.112011
Holdings
Estatus retirado Estado de pérdida Estado de daño No para préstamo Biblioteca de origen Biblioteca actual Ubicación en estantería Fecha de adquisición Fuente de adquisición Total de préstamos Signatura topográfica completa Código de barras Visto por última vez Precio de reemplazo Tipo de ítem Koha
        Biblioteca del Ateneo de Madrid Biblioteca del Ateneo de Madrid Depósito 2 17/01/2008     L-10569 1096302 23/02/2023 23/02/2023 Libro impreso